000 00535nam a2200193Ia 4500
003 GCL
008 140319s9999 xx 000 0 eng d
040 _aGCL /
_cGCL
082 0 4 _a880
_bS E
100 1 _aSIRINELLI, JEAN
245 1 0 _aLES ENFANTS D'ALEXANDRE: LA LITTERATURE ET LA PENSEE GRECQUES( 331 AV J.-C- 519 AP. J. C- /
_cSIRINELLI, JEAN
260 _a[S.N] :
_bFAYARD ،
_c1993
300 _a608 P
650 0 4 _aLITERATURE
650 0 4 _aALEXANDRIA
650 0 4 _aLITERATURE - GREEK
650 0 4 _aGREEK
942 _2ddc
_cBK
999 _c25192
_d25192